| 000 | 00646nam a2200229 a 4500 | ||
|---|---|---|---|
| 005 | 20260221063946.0 | ||
| 008 | 021028s1999 ag r 000 0 spa d | ||
| 020 | _a9501221423 | ||
| 035 | _aUPN01000120526 | ||
| 049 | _aCG | ||
| 050 | 4 |
_aLB775 P5.2 _bD4.38 |
|
| 100 | 1 |
_aPiaget, Jean, _d1896-1980 |
|
| 245 | 1 | 0 |
_aDe la pedagogía / _cJean Piaget. |
| 260 |
_aBuenos Aires : _bPaidós, _cc1999. |
||
| 300 | _a272 p. | ||
| 440 | 0 |
_aPaidós educador ; _v142 |
|
| 534 |
_pTraducción de: _tDe la pédagogie |
||
| 600 | 1 | 4 |
_aPIAGET, JEAN, _d1896-1980 |
| 650 | 4 |
_aEducación _xFilosofía _94994 |
|
| 650 | 4 |
_aPsicopedagogía _95085 |
|
| 905 | _aLibro | ||
| 999 |
_c92860 _d92860 |
||